000 00221nam a22000857a 4500
008 170116b xxu||||| |||| 00| 0 eng d
100 _92430
_aMittal.R.S.etal.
245 _aPhysics Lab-Manual-XII
260 _aNew Delhi
_bAPC
_c2010
999 _c5470
_d5470